<?xml version="1.0" encoding="UTF-8"?>
<record
    xmlns:xsi="http://www.w3.org/2001/XMLSchema-instance"
    xsi:schemaLocation="http://www.loc.gov/MARC21/slim http://www.loc.gov/standards/marcxml/schema/MARC21slim.xsd"
    xmlns="http://www.loc.gov/MARC21/slim">

  <leader>02690pam a22003374a 4500</leader>
  <controlfield tag="001">5326388</controlfield>
  <controlfield tag="003">OSt</controlfield>
  <controlfield tag="005">20180117085952.0</controlfield>
  <controlfield tag="008">040929s2005    caua     b    001 0 eng  </controlfield>
  <datafield tag="010" ind1=" " ind2=" ">
    <subfield code="a">  2004022907</subfield>
  </datafield>
  <datafield tag="020" ind1=" " ind2=" ">
    <subfield code="a">1412905443 (hardcover)</subfield>
  </datafield>
  <datafield tag="035" ind1=" " ind2=" ">
    <subfield code="a">(OCoLC)ocm56613742</subfield>
  </datafield>
  <datafield tag="035" ind1=" " ind2=" ">
    <subfield code="a">(NNC)5326388</subfield>
  </datafield>
  <datafield tag="040" ind1=" " ind2=" ">
    <subfield code="a">DLC</subfield>
    <subfield code="c">DLC</subfield>
    <subfield code="d">OrLoB-B</subfield>
  </datafield>
  <datafield tag="042" ind1=" " ind2=" ">
    <subfield code="a">pcc</subfield>
  </datafield>
  <datafield tag="050" ind1="0" ind2="0">
    <subfield code="a">BF176</subfield>
    <subfield code="b">.K583 2005</subfield>
  </datafield>
  <datafield tag="082" ind1="0" ind2="0">
    <subfield code="a">150/.28/7</subfield>
    <subfield code="2">22</subfield>
  </datafield>
  <datafield tag="100" ind1="1" ind2=" ">
    <subfield code="a">Kline, Theresa,</subfield>
    <subfield code="d">1960-</subfield>
  </datafield>
  <datafield tag="245" ind1="1" ind2="0">
    <subfield code="a">Psychological testing :</subfield>
    <subfield code="b">a practical approach to design and evaluation /</subfield>
    <subfield code="c">Theresa J.B. Kline.</subfield>
  </datafield>
  <datafield tag="260" ind1=" " ind2=" ">
    <subfield code="a">Thousand Oaks, Calif. :</subfield>
    <subfield code="b">Sage Publications,</subfield>
    <subfield code="c">c2005.</subfield>
  </datafield>
  <datafield tag="300" ind1=" " ind2=" ">
    <subfield code="a">xii, 356 p. :</subfield>
    <subfield code="b">ill. ;</subfield>
    <subfield code="c">26 cm.</subfield>
  </datafield>
  <datafield tag="504" ind1=" " ind2=" ">
    <subfield code="a">Includes bibliographical references (p. 335-347) and index.</subfield>
  </datafield>
  <datafield tag="505" ind1="0" ind2="0">
    <subfield code="g">1.</subfield>
    <subfield code="t">The assessment of individuals : the critical role and fundamentals of measurement -- </subfield>
    <subfield code="g">2.</subfield>
    <subfield code="t">Designing and writing items -- </subfield>
    <subfield code="g">3.</subfield>
    <subfield code="t">Designing and scoring responses -- </subfield>
    <subfield code="g">4.</subfield>
    <subfield code="t">Collecting data : sampling and screening -- </subfield>
    <subfield code="g">5.</subfield>
    <subfield code="t">Classical test theory : assumptions, equations, limitations, and item analyses -- </subfield>
    <subfield code="g">6.</subfield>
    <subfield code="t">Modern test theory : assumptions, equations, limitations, and item analyses -- </subfield>
    <subfield code="g">7.</subfield>
    <subfield code="t">Reliability of test scores and test items -- </subfield>
    <subfield code="g">8.</subfield>
    <subfield code="t">Reliability of raters -- </subfield>
    <subfield code="g">9.</subfield>
    <subfield code="t">Assessing validity using content and criterion methods -- </subfield>
    <subfield code="g">10.</subfield>
    <subfield code="t">Assessing validity via item internal structure -- </subfield>
    <subfield code="g">11.</subfield>
    <subfield code="t">Ethics and professional issues in testing -- </subfield>
    <subfield code="g">12.</subfield>
    <subfield code="t">Brief reviews of some selected tests and concluding comments.</subfield>
  </datafield>
  <datafield tag="520" ind1="1" ind2=" ">
    <subfield code="a">"Theresa Kline guides readers through the process of designing and evaluating a test, paying careful attention to ensure that the test meets the highest professional standards. Kline uses simple, clear examples throughout and fully details the required statistical analyses." "Psychological Testing is perfectly suited as a main text for upper-level undergraduate and graduate testing or psychometrics courses in departments of Psychology, Education, Sociology, Management, and in the Human Services disciplines. Professional researchers, educators, and consultants will also want to add this to their libraries for up-to-date coverage of test design and evaluation techniques."--BOOK JACKET.</subfield>
  </datafield>
  <datafield tag="650" ind1=" " ind2="0">
    <subfield code="a">Psychological tests.</subfield>
  </datafield>
  <datafield tag="856" ind1="4" ind2="1">
    <subfield code="3">Table of contents</subfield>
    <subfield code="u">http://www.loc.gov/catdir/toc/ecip051/2004022907.html</subfield>
  </datafield>
  <datafield tag="900" ind1=" " ind2=" ">
    <subfield code="b">TOC</subfield>
  </datafield>
  <datafield tag="942" ind1=" " ind2=" ">
    <subfield code="2">ddc</subfield>
    <subfield code="c">BK</subfield>
  </datafield>
  <datafield tag="999" ind1=" " ind2=" ">
    <subfield code="c">2896</subfield>
    <subfield code="d">2896</subfield>
  </datafield>
  <datafield tag="952" ind1=" " ind2=" ">
    <subfield code="0">0</subfield>
    <subfield code="1">0</subfield>
    <subfield code="2">ddc</subfield>
    <subfield code="4">0</subfield>
    <subfield code="7">0</subfield>
    <subfield code="8">NFIC</subfield>
    <subfield code="a">CL</subfield>
    <subfield code="b">CL</subfield>
    <subfield code="c">GEN</subfield>
    <subfield code="d">2016-03-24</subfield>
    <subfield code="l">0</subfield>
    <subfield code="o">150/.28/7 KLI</subfield>
    <subfield code="p">S3H-N-248</subfield>
    <subfield code="r">2016-03-24</subfield>
    <subfield code="w">2016-03-24</subfield>
    <subfield code="y">BK</subfield>
  </datafield>
  <datafield tag="952" ind1=" " ind2=" ">
    <subfield code="0">0</subfield>
    <subfield code="1">0</subfield>
    <subfield code="2">ddc</subfield>
    <subfield code="4">0</subfield>
    <subfield code="7">0</subfield>
    <subfield code="8">NFIC</subfield>
    <subfield code="a">CL</subfield>
    <subfield code="b">CL</subfield>
    <subfield code="c">GEN</subfield>
    <subfield code="d">2017-07-11</subfield>
    <subfield code="l">0</subfield>
    <subfield code="o">150/.28/7 KLI</subfield>
    <subfield code="p">S3H-N-1775</subfield>
    <subfield code="r">2017-07-11</subfield>
    <subfield code="w">2017-07-11</subfield>
    <subfield code="y">BK</subfield>
  </datafield>
</record>
